00788nam a2200193 a 450000100100000000500170001000800410002704000250006808200150009310000450010824501220015326000630027530000270033850000640036550400260042904900090045595201130046499900170057700002807920200930031330.0110406s1984 dr a 000 0 spa d aDO-SdBNPbspacBNPHU axxxbA473l1 aÁlvarez V. , Jesús M.,d1916-92209310aLarvas de dipteros causantes de miasis facultativas y obligadas en la República Dominicana /Jesús M. Álvarez V. aSanto Domingo :bDivulgación Técnica de la SEA,c1984. a85 p. :bil. ;c21 cm. aIncluye datos biográficos del autor en la contracubierta. aBibliografías p. 82 aBNPD 0010718PDaPDbPDcCTd2011-04-06iLF1l0oxxx A473lp28079-10r2020-06-25w2020-06-25yLFPDZNo se presta c27571d27571